000 00743nam a22002537a 4500
001 9192
003 FISKH
005 20251128094419.0
008 251128b cb ||||| |||| 00| 0 eng d
040 _aFISKH
_beng
_cFISKH
_dFISKH
050 _aPZ8.B3844 N
082 _a398.8
100 _aBeaton, Clare
245 _aClare Beaton's nursery rhymes /
260 _aCambridge :
_bBarefood Books,
_c2010.
300 _a14 unnumbered pages :
_bcolor illustrations ;
_c17 cm
505 _aa
520 _aA collection of nursery rhymes newly illustrated by the author.
521 8 _a10
_bLexile estimate
521 8 _aa
_bRaz-Plu
650 _aNursery Rhymes
_vChildren's Fiction
_xBoard Book
942 _2ddc
_cBK
_n0
999 _c9192
_d9192